000
00204nam a2200085 4500
001
1258497
005
20260311135110.0
245
_a
KÖPEK ADAM TASMASINDAN KURTULUYOR
_c
DAV PİLKEY
260
_b
ALTIN KİTAPLAR
999
_c
1258497
_d
1258497